| 000 | 00601nam a2200205Ii 4500 | ||
|---|---|---|---|
| 003 | JO-AjNU | ||
| 008 | 230606s9999||||xx |||||||||||||| ||und|| | ||
| 020 | _a0-13-641572-5 | ||
| 040 |
_aJO-AjNU _beng _erda _cJO-AjNU |
||
| 041 | _aeng | ||
| 050 | 1 | 4 | _aHD31 |
| 100 | 3 |
_aJackson,John H/Cyril P.Morgan/Joseph G.P.Paolillo, _eauthor _92858 |
|
| 245 | 0 | 0 | _aORGANIZATION THEORY:AMACRO PERSPECTIVE FOR MANAGEMENT |
| 250 | _a3 ed | ||
| 300 | _a387p | ||
| 336 |
_atext _btxt _2rdacontent |
||
| 337 |
_aunmediated _bn _2rdamedia |
||
| 338 |
_avolume _bnc _2rdacarrier |
||
| 650 | 4 |
_aORGANIZATION THEORY _92859 |
|
| 999 |
_aE1497 _c1497 _d1497 |
||